| Record ID | ia:cu31924013175405 |
| Source | Internet Archive |
| Download MARC XML | https://archive.org/download/cu31924013175405/cu31924013175405_marc.xml |
| Download MARC binary | https://www.archive.org/download/cu31924013175405/cu31924013175405_meta.mrc |
LEADER: 01066cam 22003371 4500
001 1395036
005 20080418111106.0
008 880920s1714 enk|||||r|||| 000 0|eng d
035 $a(CStRLIN)NYCXA0017756B
035 $a(NIC)notisAGK9657
035 $a(OCoLC)63956397
035 $a1395036
040 $cSAZTEC$dNIC
100 1 $aDefoe, Daniel,$d1661?-1731.
245 10 $aCounter queries.
260 $a[London?$c1711?]
300 $a[2] l.
500 $aCaption title.
500 $aPhotocopy of original in British Museum. London, University Microfilms [1966?] 2 l. (on double leaves) 31 cm.
510 4 $aMoore$cno. 200.
541 $aRare Annex copy 1: Gift of Henry W. Sage.
651 0 $aGreat Britain$xPolitics and government$y1702-1714
903 $aKirtas/Annex$d20080418$p31924013175405
905 $a19440404120000.0
948 2 $a20070130$bm$ddct6$ects
948 1 $a20070130$bl$ddct6$ects
948 2 $a20070130$bw$ddct6$ects
950 $aPR3404$b.C978++ 1711a$lOLIN$x1
955 $c1$lOLIN
995 $aHivolm$d20070112
998 $nNIC$s9665